| 000 | 00647nam a22002177a 4500 | ||
|---|---|---|---|
| 003 | BUBTL | ||
| 008 | 240325b ||||| |||| 00| 0 eng d | ||
| 041 | _aEnglish | ||
| 082 |
_21st ed. _a364.36/ Sa738j/ 2001 |
||
| 100 |
_95783 _aSarker, Dr. Abdul Hakim |
||
| 245 |
_aJuvenile Delinquency Dhaka City Experience/ _bDr. Abdul Hakim Sarker |
||
| 250 | _a1st ed. | ||
| 260 |
_aDhaka _bHuman Nursery for Development _cc2001 |
||
| 300 |
_a[xxii], 297 p. : _bill. ; 21 cm. |
||
| 500 | _aIncludes Index. | ||
| 526 | _aLaw | ||
| 650 | 0 |
_92102 _aLaw |
|
| 856 |
_k0 _l0 _yDownload |
||
| 942 |
_2ddc _cBK |
||
| 999 |
_c7289 _d7289 |
||